10 najbardziej wartościowych POLAKÓW w piłce nożnej którzy jadą na MŚ - Statystyki

Ogólne statystyki
  • Ten quiz został rozwiązany 199 razy
  • Średni wynik to 7 z 10
Statystyki odpowiedzi
Wartość NR. Piłkarz % Poprawnych
45,00mln € 1 Robert Lewandowski
99%
13,00mln € 7 Wojciech Szczęsny
95%
40,00mln € 2 Piotr Zieliński
92%
10,00mln € 9/10 Arkadiusz Milik
87%
22,00mln € 3 Matty Cash
76%
11,00mln € 8 Krzysztof Piątek
67%
15,00mln € 5 Nicola Zalewski
64%
18,00mln € 4 Jan Bednarek
61%
14,00mln € 6 Sebastian Szymański
54%
10,00mln € 9/10 Jakub Kamiński
33%
Nie znaleziono quizów pasujących do podanych kryteriów
Rozkład punktacji
Procent ludzi z każdym wynikiem
Percentyl według liczby udzielonych odpowiedzi
Twoja historia wyników
Nie rozwiązałeś tego quizu